| 000 | 00500nam a2200205Ia 4500 | ||
|---|---|---|---|
| 003 | 0100 | ||
| 008 | 130303s9999 xx 000 0 und d | ||
| 020 | _a1868882578 | ||
| 040 | _cARRUPELIB | ||
| 050 | _aBT75.2.G25 2004 | ||
| 100 | _aGaybba, Brian | ||
| 245 | _aGod is a community | ||
| 245 | _ba general survey of christian theology | ||
| 260 | _aPretoria | ||
| 260 | _bUniversity of South Africa Press | ||
| 260 | _C2003 | ||
| 300 | _axiv | ||
| 300 | _b 372p. 23 cm | ||
| 942 |
_2lcc _02 |
||
| 999 |
_c60109 _d60109 |
||